Normal view MARC view
  • García Domínguez, Ramón,

Entry Nombre Personal

Number of records used in: 6

001 - NUMERO DE CONTROL

  • campo de control: 31764

003 - IDENTIFICADOR DE NUMERO DE CONTROL

  • campo de control: UPN

005 - FECHA Y HORA DE LA ÜLTIMA TRANSACCIÓN

  • campo de control: 20220810212959.0

008 - DATOS DE LONGITUD FIJA

  • campo de control de longitud fija: 220810nn acannaabn n aaa d

035 ## - NUMERO DE CONTROL

  • Número de control: UPN11000003870

040 ## - FUENTE DE CATALOGACIÓN

  • Lenguaje de catalogación: SPA
  • Agencia de transcripción: UPN
  • Agencia original de catalogación: UPN

053 #4 - NÚMERO DE CLASIFICACIÓN LC

  • Número de clasificación elemento-número único o número inicial de tramo: PQ6657 A74

100 1# - ENCABEZAMIENTO - NOMBRE PERSONAL

  • Nombre personal: García Domínguez, Ramón,
  • Fechas asociadas con el nombre: 1943-

670 ## - FUENTE EN LA QUE SE LOCALIZARON DATOS

  • Cita de la fuente: T
  • Uniform Resource Identifier: http://www.bienvenidosalafiesta.com/index.php?mod=Indices&acc=VerFicha&autId=00000001B0

680 ## - NOTA PUBLICA DE ACCESO PÚBLICO

  • Frase explicativa de la referencia: Escritor español

902 ## - CATALOGADOR

  • Catalogador: CAA/250112